Statistics for Developer by featured Game

Click here to take the quiz!

General Stats

  • This quiz has been taken 3 times
  • The average score is 6 of 9

Answer Stats

HintAnswer% Correct
Super Mario BrosNintendo
100%
Sonic The HedgehogSega
100%
Persona 5Atlus
67%
Mega ManCapcom
67%
Metal Gear SolidKonami
67%
Banjo KazooieRare
67%
Final Fantasy VIISquare Enix
67%
MinecraftMojang
33%
Pac-ManNamco
33%

Score Distribution

Percentile by Number Answered

Percent of People with Each Score

Your Score History

You have not taken this quiz